The world to the west / written and illustrated by ... Read More
Available copies
- 1 of 1 copy available at LARL/NWRL Consortium. (Show)
- 1 of 1 copy available at Northwest Regional Library.
Current holds
0 current holds with 1 total copy.
Show Only Available Copies
| Location | Call Number / Copy Notes | Barcode | Shelving Location | Status | Due Date |
|---|---|---|---|---|---|
| Karlstad LINK Site | e ELK (Text) | 35500006772717 | Main | Available | - |
Record details
- ISBN: 9781445158389
- ISBN: 1445158388
- ISBN: 9781445158396
- ISBN: 1445158396
- Physical Description: 31 pages : colour illustrations ; 22 cm
- Publisher: London : Franklin Watts, 2017.
- Copyright: ©2017
Content descriptions
| General Note: | "Reading level guidance book band: 11 Lime." |
| Summary, etc.: | Viking Adventures are thrilling stories mixing ... Read More |
| Target Audience Note: | 6+ years. |
Search for related items by subject
| Genre: | Children's stories. Action and adventure fiction. Fantasy fiction. Fiction. Juvenile works. Action and adventure fiction. Fantasy fiction. |
Search for related items by series
| LDR | 02853cam a2200673Mi 4500 | ||
|---|---|---|---|
| 001 | 435358 | ||
| 003 | LARL_NWRL_CONSORTIUM | ||
| 005 | 20240404203034.0 | ||
| 008 | 050627s2017 enka j 000 1 eng | ||
| 040 | . | ‡aAU@ ‡beng ‡erda ‡cAU@ ‡dOCLCO ‡dOCLCF ‡dNZHWP ‡dOCLCQ ‡dOCLCO ‡dUKMGB ‡dOCLCQ ‡dUNITY ‡dOCLCO ‡dOCLCL | |
| 015 | . | ‡aGBB7B8834 ‡2bnb | |
| 016 | 7 | . | ‡a018419281 ‡2Uk |
| 020 | . | ‡a9781445158389 ‡q(hardback) | |
| 020 | . | ‡a1445158388 ‡q(hardback) | |
| 020 | . | ‡a9781445158396 ‡q(paperback) | |
| 020 | . | ‡a1445158396 ‡q(paperback) | |
| 035 | . | ‡a(OCoLC)1020308283 | |
| 082 | 0 | 4. | ‡a823.92 ‡223 |
| 100 | 1 | . | ‡aElkerton, Andy, ‡eauthor, ‡eillustrator. |
| 245 | 1 | 4. | ‡aThe world to the west / ‡cwritten and illustrated by Andy Elkerton. |
| 264 | 1. | ‡aLondon : ‡bFranklin Watts, ‡c2017. | |
| 264 | 4. | ‡c©2017 | |
| 300 | . | ‡a31 pages : ‡bcolour illustrations ; ‡c22 cm | |
| 336 | . | ‡atext ‡btxt ‡2rdacontent | |
| 336 | . | ‡astill image ‡bsti ‡2rdacontent | |
| 337 | . | ‡aunmediated ‡bn ‡2rdamedia | |
| 338 | . | ‡avolume ‡bnc ‡2rdacarrier | |
| 490 | 0 | . | ‡aViking adventures |
| 500 | . | ‡a"Reading level guidance book band: 11 Lime." | |
| 520 | . | ‡aViking Adventures are thrilling stories mixing that perfect match of fantasty and history. Join Oolaf as he embarks on a voyage to strange new lands involving storms, shipwrecks and a herd of angry bison! The Viking Adventures series are vividly colour illustrated first chapter books. | |
| 521 | 1 | . | ‡a6+ years. |
| 650 | 0. | ‡aAction and adventure fiction. | |
| 650 | 0. | ‡aFantasy fiction. ‡0(LARL_NWRL_CONSORTIUM)19968 | |
| 650 | 0. | ‡aVikings ‡vJuvenile fiction. | |
| 650 | 0. | ‡aAdventure stories. ‡0(LARL_NWRL_CONSORTIUM)12829 | |
| 650 | 0. | ‡aExplorers ‡vJuvenile fiction. | |
| 650 | 0. | ‡aChildren's stories. ‡0(LARL_NWRL_CONSORTIUM)16466 | |
| 650 | 7. | ‡aAdventure stories. ‡2fast ‡0(LARL_NWRL_CONSORTIUM)12829 | |
| 650 | 7. | ‡aChildren's stories. ‡2fast ‡0(LARL_NWRL_CONSORTIUM)16466 | |
| 650 | 7. | ‡aExplorers. ‡2fast ‡0(LARL_NWRL_CONSORTIUM)19848 | |
| 650 | 7. | ‡aFantasy fiction. ‡2fast ‡0(LARL_NWRL_CONSORTIUM)19968 | |
| 650 | 7. | ‡aVikings. ‡2fast ‡0(LARL_NWRL_CONSORTIUM)33954 | |
| 655 | 0. | ‡aChildren's stories. | |
| 655 | 7. | ‡aAction and adventure fiction. ‡2fast | |
| 655 | 7. | ‡aFantasy fiction. ‡2fast | |
| 655 | 7. | ‡aFiction. ‡2fast | |
| 655 | 7. | ‡aJuvenile works. ‡2fast | |
| 655 | 7. | ‡aAction and adventure fiction. ‡2lcgft | |
| 655 | 7. | ‡aFantasy fiction. ‡2lcgft | |
| 901 | . | ‡a435358 ‡bAUTOGEN ‡c435358 ‡tbiblio | |

Add to basket
Permalink
Disable Highlighting